00421nam a2200145Ia 4500100001600000942000700016654001300023245003800036260004400074082001600118300000800134546001200142999001700154952010400171 aLuse/ Marv  cBK aComputer aBitmapped graphics prog in C++ bNew Age Int (P) LtdaNew Delhic1993 a6.6762bLUS a705 aENGLISH c18058d18058 001040708CRCaCRCEbCRCEc1428 | 34d2023-03-17l0o6.6762 LUSp8981r2023-03-17w2023-03-17yBK